| 000 | 00651nam a2200217 a 4500 | ||
|---|---|---|---|
| 001 | 989 | ||
| 003 | BD-RjUL | ||
| 005 | 20211208233248.0 | ||
| 008 | 161206s1980 bg a|||| b||| 001 0 eng d | ||
| 035 | _a(BD-RjUL) 1011 | ||
| 040 |
_aBD-RjUL _beng _cBD-RjUL _dBD-RjUL |
||
| 041 | _aeng | ||
| 082 | 0 | 0 |
_a025.1 _bWAA 1980 _223 |
| 100 | 1 |
_aWahiduzzaman, M. _92919 |
|
| 245 | 1 | 0 |
_aApproach to library administration / _cM. Wahiduzzaman |
| 260 |
_aBangladesh : _bUniversity Press, _c1980. |
||
| 300 |
_a104 p. : _bill ; _c22 cm. |
||
| 504 | _aIncludes index and bibliographical references p.(99-101) | ||
| 650 | 0 |
_aLibrary administration _92920 |
|
| 942 |
_2ddc _cBK |
||
| 999 |
_c989 _d989 |
||